Prairie Songs

Bibliographic Details
Format: Book

MARC

LEADER 00000cam a2200000 7i4500
001 0000007385
002 000007941
005 20000330.0
020 |a 019715704 
090 0 0 |a YF   |b CON 
245 1 0 |a Prairie Songs 
999 |a 03684   |b BUKU   |c PINJAMAN   |e PERPUSTAKAAN KOMUNITI PETALING JAYA